| 000 | 01224cam a2200241 4500 | ||
|---|---|---|---|
| 001 | ABS63938 | ||
| 008 | 000000n2001 000 0 eng u | ||
| 035 | _a(Sirsi) u112651 | ||
| 100 | _aBingham, T | ||
| 245 | _aDifficult sums | ||
| 260 | _c2001 | ||
| 490 |
_aBuilding _v266(8182) 27 April 2001, 52-53(2) |
||
| 520 | _aConsiders the case of "Beechwood Development Company (Scotland) Ltd v Stuart Mitchell t/a Discovery Land Surveys" in which Beechwood, a housebuilder, was awarded £31,000 damages for losses incurred from a delayed start to a building contract. Argues that an adjudicator may have come to a different conclusion on the basis that Beechwood was only temporarily out of pocket, and the lost time could have been made up in the longer term. | ||
| 590 | _aABS | ||
| 650 | _aHUDSON FORMULA | ||
| 650 | _aBEECHWOOD DEVELOPMENT COMPANY (SCOTLAND) V STUART MITCHELL T/A DISCOVERY LAND SURVEYS | ||
| 650 | _aDELAYS | ||
| 650 | _aMANAGEMENT-DISPUTE AVOIDANCE, MANAGEMENT AND RESOLUTION-DISPUTE MANAGEMENT AND RESOLUTION-ALTERNATIVE DISPUTE RESOLUTION-ADJUDICATION | ||
| 650 | _aCONTRACT CLAIMS | ||
| 650 | _aCALCULATION OF LOSS | ||
| 690 | _aBUILT ENVIRONMENT-BUILDING CONTRACT FORMS | ||
| 942 | _n0 | ||
| 999 |
_c67051 _d67051 |
||